| 000 | 01894cam a22005054i 4500 | ||
|---|---|---|---|
| 003 | PE-LiUPU | ||
| 005 | 20250731173456.0 | ||
| 008 | 150616s1987 xxk r 000 0 spa d | ||
| 020 | _a0899253512 | ||
| 035 | _a(Sirsi) i9780899253510 | ||
| 040 |
_aPE-LiUPU _bspa _cPE-LiUPU _erda |
||
| 049 | _aPRUA | ||
| 082 | 0 | 4 |
_a225.95 _bK68 _221 |
| 100 | 1 |
_aKoester, Helmut, _eautor. |
|
| 245 | 1 | 0 |
_aHistory, Culture, and Religion of the Hellenistic Age. _n1 / _cHelmut Koester. |
| 264 | 1 |
_aNew York : _bWalter de Gruyter, _c1987. |
|
| 300 |
_a433 páginas ; _c23 centímetros |
||
| 336 |
_atext _2rdacontent |
||
| 337 |
_aunmediated _2rdamedia |
||
| 338 |
_avolume _2rdacarrier |
||
| 490 | 0 | _aIntroduction to the New Testament | |
| 505 | 0 | _aHistoria antigua del Nuevo Testamento Nuevo testamento. | |
| 526 | _aSEG42 | ||
| 526 | _aSEG41 | ||
| 526 | _aSEG40 | ||
| 526 | _aSEG39 | ||
| 526 | _aP94 | ||
| 526 | _aP87 | ||
| 526 | _aP86 | ||
| 526 | _aP85 | ||
| 526 | _aP77 | ||
| 526 | _aP76 | ||
| 526 | _aP35 | ||
| 630 |
_aBiblia. _pN.T. _xHistoria antigua. |
||
| 910 |
_ajck _bjvq _cjck |
||
| 942 |
_2ddc _cBOOK |
||
| 949 |
_a225.95 K68 _wDEWEY _c1 _i37947 _lCCODEBUL1 _mBUL _r0 _sY _tBOOK _u2015-4-23 _xTEOLOGIA _zUNKNOWN _0COMPRA _o.STAFF. Colección Teología |
||
| 949 |
_a225.95 K68 _wDEWEY _c2 _i54954 _lCCODEBUL1 _mBUL _r0 _sY _tBOOK _u2015-4-23 _xTEOLOGIA _zUNKNOWN _0COMPRA _o.STAFF. Colección Teología |
||
| 994 |
_aC0 _bPEPRU |
||
| 596 | _a1 | ||
| 999 |
_a225.95 K68 _wDEWEY _c57743 _i37947 _f2021-11-9 _g6 _lCCODEBUL1 _mBUL _r0 _sY _tBOOK _u2015-4-23 _xTEOLOGIA _zUNKNOWN _0COMPRA _o.STAFF. Colección General _d57743 |
||
| 999 |
_a225.95 K68 _wDEWEY _c2 _i54954 _d2017-11-29 _e2017-11-28 _f2021-11-9 _g5 _lCCODEBUL1 _mBUL _n1 _q1 _r0 _sY _tBOOK _u2015-4-23 _xTEOLOGIA _zUNKNOWN _0COMPRA _o.STAFF. Colección General |
||
| 980 |
_81 _gALBERTO SANCHEZ Responsable de Automatización |
||